书目信息 |
| 题名: |
精彩法文晨读
|
|
| 作者: | 柳玉刚 主编 | |
| 分册: | ||
| 出版信息: | 北京 中国宇航出版社 2009.01 |
|
| 页数: | 276页 | |
| 开本: | 20cm | |
| 丛书名: | ||
| 单 册: | ||
| 中图分类: | H329.4 | |
| 科图分类: | ||
| 主题词: | 法语 | |
| 电子资源: | ||
| ISBN: | 978-7-80218-256-1 | |
| 000 | 00595nam0 2200217 45 | |
| 001 | 0948048610 | |
| 005 | 20091101132207.04 | |
| 010 | @a978-7-80218-256-1@dCNY16.00 | |
| 100 | @a20090515d2009 ekmy0 y0120 ea | |
| 102 | @aCN@b130000 | |
| 105 | @ay z 000yy | |
| 200 | 1 | @a精彩法文晨读@Ajing cai fa wen chen du@e2@f柳玉刚主编@Fliu yu gang zhu bian |
| 210 | @a北京@c中国宇航出版社@d2009.01 | |
| 215 | @a276页@d20cm | |
| 517 | 1 | @a2 |
| 606 | 0 | @a法语 |
| 690 | @aH329.4@v4 | |
| 701 | 0 | @a柳玉刚@Aliu yu gang@4主编 |
| 801 | 0 | @aCN@c20091101 |
| 905 | @a10447@dH329.4@eL757 | |
| 906 | @d16@n3@r1 | |
| 精彩法文晨读:2/柳玉刚主编.-北京:中国宇航出版社,2009.01 |
| 276页;20cm |
| ISBN 978-7-80218-256-1:CNY16.00 |
| ● |
| 相关链接 |
|
|
|
正题名:精彩法文晨读
索取号:H329.4/L757
 
预约/预借
| 序号 | 登录号 | 条形码 | 馆藏地/架位号 | 状态 | 备注 |
| 1 | 659037 | 206590376 | 语言库209/209语言库 116排2列5层/ [索取号:H329.4/L757] | 在馆 | |
| 2 | 659038 | 206590385 | 语言库209/209语言库 116排2列5层/ [索取号:H329.4/L757] | 在馆 | |
| 3 | 659039 | 206590394 | 语言库209/209语言库 116排2列5层/ [索取号:H329.4/L757] | 在馆 |